Digital logic microprocessor design with VHDL / (Record no. 189766)
[ view plain ]
| 000 -LEADER | |
|---|---|
| fixed length control field | 00664nam a2200217Ia 4500 |
| 005 - DATE AND TIME OF LATEST TRANSACTION | |
| control field | 20221123103247.0 |
| 008 - FIXED-LENGTH DATA ELEMENTS--GENERAL INFORMATION | |
| fixed length control field | 210716s2007 xx 000 0 und d |
| 020 ## - INTERNATIONAL STANDARD BOOK NUMBER | |
| International Standard Book Number | 8131501949 |
| 040 ## - CATALOGING SOURCE | |
| Transcribing agency | AIMIT LIBRARY |
| 041 ## - LANGUAGE CODE | |
| Language code of text/sound track or separate title | eng |
| 082 ## - DEWEY DECIMAL CLASSIFICATION NUMBER | |
| Classification number | 621.395 |
| Edition number | 1 |
| Item number | HWAE |
| 100 ## - MAIN ENTRY--PERSONAL NAME | |
| Personal name | Hwang, Enoch O. |
| 9 (RLIN) | 63333 |
| 245 ## - TITLE STATEMENT | |
| Title | Digital logic microprocessor design with VHDL / |
| Statement of responsibility, etc. | By Enoch O Hwang. |
| 250 ## - EDITION STATEMENT | |
| Edition statement | 1st ed. |
| 260 ## - PUBLICATION, DISTRIBUTION, ETC. | |
| Place of publication, distribution, etc. | New Delhi : |
| Name of publisher, distributor, etc. | Thomson , |
| Date of publication, distribution, etc. | 2007. |
| 300 ## - PHYSICAL DESCRIPTION | |
| Extent | xvii,588p. ; |
| Dimensions | 23.5 cm. |
| 650 ## - SUBJECT ADDED ENTRY--TOPICAL TERM | |
| Topical term or geographic name entry element | Designing microprocessors |
| 9 (RLIN) | 63334 |
| 650 ## - SUBJECT ADDED ENTRY--TOPICAL TERM | |
| Topical term or geographic name entry element | Digital circuits |
| 9 (RLIN) | 63335 |
| 650 ## - SUBJECT ADDED ENTRY--TOPICAL TERM | |
| Topical term or geographic name entry element | Implementation technologies |
| 9 (RLIN) | 63336 |
| 942 ## - ADDED ENTRY ELEMENTS (KOHA) | |
| Source of classification or shelving scheme | Dewey Decimal Classification |
| Koha item type | Book |
| Edition | 1st |
| Call number prefix | 621.395 HWAE |
| Withdrawn status | Lost status | Source of classification or shelving scheme | Damaged status | Not for loan | Collection code | Home library | Current library | Source of acquisition | Cost, normal purchase price | Inventory number | Total Checkouts | Full call number | Barcode | Date last seen | Cost, replacement price | Price effective from | Koha item type |
|---|---|---|---|---|---|---|---|---|---|---|---|---|---|---|---|---|---|
| Dewey Decimal Classification | MCA | St Aloysius Institute of Management & Information Technology | St Aloysius Institute of Management & Information Technology | Higginbothams Pvt Ltd | 380.00 | Bill no:9156; Bill dt:2009-01-29 | 621.395 HWAE | MCA08769 | 07/21/2025 | 285.00 | 07/16/2021 | Book | |||||
| Dewey Decimal Classification | MCA | St Aloysius Institute of Management & Information Technology | St Aloysius Institute of Management & Information Technology | Higginbothams Pvt Ltd | 380.00 | Bill no:9845; Bill dt:2009-09-14 | 621.395 HWAE | MCA09251 | 07/21/2025 | 285.00 | 07/16/2021 | Book | |||||
| Dewey Decimal Classification | MCA | St Aloysius Institute of Management & Information Technology | St Aloysius Institute of Management & Information Technology | Higginbothams Pvt Ltd | 380.00 | Bill no:9848; Bill dt:2009-09-15 | 621.395 HWAE | MCA09274 | 07/21/2025 | 285.00 | 07/16/2021 | Book | |||||
| Dewey Decimal Classification | MCA | St Aloysius Institute of Management & Information Technology | St Aloysius Institute of Management & Information Technology | Higginbothams Pvt Ltd | 395.00 | Bill no:9932; Bill dt:2009-10-13 | 621.395 HWAE | MCA09400 | 07/21/2025 | 296.25 | 07/16/2021 | Book |